000 02338nam a2200421 i 4500
001 193321
003 SpMaBN
005 20250731003421.0
007 ta
008 231102s2009 sp | |||| 000 0 spa
017 _aM 48465-2009
_bOficina Depósito Legal Madrid
020 _a9788497348874
035 _a(OCoLC)465205730
035 _aa4649335
040 _aSpMaBN
_bspa
_cSpMaBN
_erdc
_dES-MaACL
080 _a94(460.12)"07/09"
080 _a94(460)"0711/1492"
100 1 _aEsparza, José Javier,
_d1963-
_0XX956859
_947782
_eaut
245 1 3 _aLa gran aventura del Reino de Asturias :
_basí empezó la Reconquista /
_cJosé Javier Esparza
250 _aSegunda edición: noviembre de 2009
260 _aMadrid :
_bLa Esfera de los Libros,
_c2009
300 _a496 páginas ;
_c25 cm
336 _2rdacontent
_aTexto
337 _2rdamedia
_asin mediación
338 _2rdacarrier
_avolumen
500 _aÍndice
504 _aBibliografía: páginas 495-496
520 _aEl nacimiento del reino de Asturias bajo la España musulmana fue una empresa titánica de resistencia y supervivencia. Una de las aventuras más fascinantes no sólo de la Historia de España, sino de la historia universal. Aunque resulta inconcebible que un puñado de rebeldes cristianos consiguiera formar en el norte de la Península un reino independiente frente al mayor poder de su tiempo y, después, extenderlo hacia el sur en una tenaz labor de repoblación, eso es lo que ocurrió en torno a Covadonga, entre Asturias y Cantabria, a partir del año 722. ¿Cómo fue posible semejante proeza? ¿Quiénes fueron sus autores? ¿Cómo se llamaban los heroicos pioneros que empezaron a ganar tierras hacia el sur, gracias a sus azadas más que a sus espadas?
651 4 _aAsturias (Reino)-
_xHistoria
_2embne
_97835
651 0 _aEspaña-
_xHistoria-
_y711-1492 (Reconquista)
_9234468
852 _aES-MaACL
_bR.154788
_cDEPOJ
_hDonación: José Lázaro García
_xEncuadernación cartoné con sobrecubiertas
_9200767
_jN-9508
903 _9234219
_aLázaro García, José
_ednr
942 _n0
_cMONOGRAFIA
999 _c193321
_d193321